[Event "Fide Mercenarios 40th"]
[Site "Mexico City"]
[Date "1999.??.??"]
[Round "1"]
[White "Araiza Nieto, Victor Fernando"]
[Black "Villanueva Garciacano, Manuel"]
[Result "0-1"]
[WhiteElo "2000"]
[BlackElo "2000"]
[PlyCount "92"]
[EventDate "1999.??.??"]
[EventType "tourn"]
[EventRounds "13"]
[EventCountry "MEX"]
[SourceTitle "EXT 2000"]
[Source "ChessBase"]
[SourceDate "1999.11.16"]
[SourceVersion "1"]
[SourceVersionDate "1999.11.16"]
[SourceQuality "1"]

1. e4 c5 2. Nf3 d6 3. Bb5+ Bd7 4. Bxd7+ Qxd7 5. 0-0 Nc6 6. c3 Nf6 7. Re1 g6 8. d3 Bg7 9. Nbd2 0-0 10. Nf1 a6 11. h3 b5 12. Be3 b4 13. Qd2 bxc3 14. bxc3 Rab8 15. Rac1 Rb7 16. N3h2 Rfb8 17. f4 Rb2 18. Rc2 Qb7 19. Re2 Rxc2 20. Qxc2 Qb1 21. Qxb1 Rxb1 22. Kf2 c4 23. Kf3 cxd3 24. Rd2 Nd7 25. e5 dxe5 26. Rxd3 exf4 27. Kxf4 Be5+ 28. Kf3 Bxh2 29. Nxh2 Nce5+ 30. Ke2 Nxd3 31. Kxd3 Rb2 32. Nf3 Rxg2 33. Nd2 f5 34. h4 e5 35. Bg5 Rg4 36. Nb3 Ra4 37. c4 Kf7 38. c5 Nf8 39. Bd8 Ne6 40. c6 Ke8 41. c7 Kd7 42. Kc3 Ra3 43. Kb4 Rxb3+ 44. Kxb3 Nxd8 45. cxd8Q+ Kxd8 46. Kc4 Ke7 0-1

[Event "Fide Mercenarios 8th"]
[Site "Mexico City"]
[Date "1995.??.??"]
[Round "6"]
[White "Recillas, Miguel Angel"]
[Black "Araiza Nieto, Victor Fernando"]
[Result "0-1"]
[WhiteElo "2000"]
[BlackElo "2010"]
[PlyCount "59"]
[EventDate "1995.??.??"]
[EventType "tourn"]
[EventRounds "11"]
[EventCountry "MEX"]
[SourceTitle "EXT 2000"]
[Source "ChessBase"]
[SourceDate "1999.11.16"]
[SourceVersion "1"]
[SourceVersionDate "1999.11.16"]
[SourceQuality "1"]

1. d4 f5 2. c4 Nf6 3. Nf3 e6 4. g3 d5 5. Bg2 c6 6. c5 Nbd7 7. Ng5 Qe7 8. Bf4 e5 9. dxe5 Nxe5 10. Qd4 Nfd7 11. Nc3 h6 12. Nh3 g5 13. Bxe5 Qxe5 14. Qxe5+ Nxe5 15. b4 a5 16. b5 Bxc5 17. 0-0 Nc4 18. bxc6 bxc6 19. Rac1 Be6 20. e3 Ke7 21. Ne2 Rab8 22. Rc2 Rb7 23. Nd4 Bd7 24. Kh1 Rhb8 25. Ng1 Rb2 26. Rfc1 Rxc2 27. Rxc2 Rb2 28. Rxb2 Nxb2 29. Nge2 f4 30. Nc3 0-1

[Event "Fide Mercenarios 4th"]
[Site "Mexico City"]
[Date "1995.??.??"]
[Round "7"]
[White "Ruiz, Guillermo"]
[Black "Araiza Nieto, Victor Fernando"]
[Result "1-0"]
[WhiteElo "2235"]
[BlackElo "2010"]
[PlyCount "73"]
[EventDate "1995.??.??"]
[EventType "tourn"]
[EventRounds "11"]
[EventCountry "MEX"]
[SourceTitle "EXT 2000"]
[Source "ChessBase"]
[SourceDate "1999.11.16"]
[SourceVersion "1"]
[SourceVersionDate "1999.11.16"]
[SourceQuality "1"]

1. e4 c5 2. Nf3 Nc6 3. d4 cxd4 4. Nxd4 e5 5. Nf3 Nf6 6. Bc4 Bb4+ 7. c3 Be7 8. 0-0 0-0 9. Re1 d6 10. Bg5 Ng4 11. Bxe7 Nxe7 12. Na3 a6 13. Qd2 b5 14. Bb3 Bb7 15. Rad1 Qb6 16. h3 Nf6 17. Qxd6 Nc6 18. Qd2 Rad8 19. Qc1 Rxd1 20. Qxd1 Na5 21. Bc2 b4 22. cxb4 Qxb4 23. Qd2 Qc5 24. b4 Qe7 25. Qc3 Nc6 26. b5 Nb4 27. Bb1 Nd7 28. bxa6 Bxa6 29. Qe3 Nc5 30. Rd1 Ra8 31. Qc3 Nbd3 32. Nc4 Rc8 33. Bxd3 Nxd3 34. Qxd3 Bxc4 35. Rc1 Qe6 36. Qd2 f6 37. Nh4 1-0